[Event "TCh-AUT 1st Bundesliga 2007-8"]
[Site "Graz AUT"]
[Date "2008.03.15"]
[Round "10"]
[White "Nanu, C."]
[Black "Polzin, R."]
[Result "1/2-1/2"]
[WhiteElo "2527"]
[BlackElo "2504"]
[PlyCount "66"]
[EventDate "2008.03.14"]
[Source "www.chesslib.no"]
[SourceDate "2004.05.04"]

1. d4 Nf6 2. Nc3 d5 3. Bg5 h6 4. Bxf6 exf6 5. Nf3 Bb4 6. e3 c6 7. a3 Bxc3+ 8. bxc3 Be6 9. Bd3 Nd7 10. a4 Qa5 11. Ra3 O-O 12. O-O c5 13. dxc5 Nxc5 14. Nd4 Rac8 15. Qb1 Qc7 16. a5 Ne4 17. Bxe4 dxe4 18. Nxe6 fxe6 19. Qb4 f5 20. Rb3 Rf7 21. Rd1 Rd8 22. Rbb1 Kh7 23. h3 Rxd1+ 24. Rxd1 Rd7 25. Rxd7 Qxd7 26. Qd4 Qc7 27. Qxa7 Qxc3 28. Qxb7 Qxa5 29. g3 Qe1+ 30. Kg2 Qd1 31. Qf7 Qf3+ 32. Kg1 Qd1+ 33. Kg2 Qf3+ 1/2-1/2

[Event "Arkadia '95 Open"]
[Site "Arkadia '95 op"]
[Date "1995.??.??"]
[Round "5"]
[White "Conquest, Stuart"]
[Black "Shipov, Sergei"]
[Result "1/2-1/2"]
[WhiteElo "2520"]
[BlackElo "2510"]
[PlyCount "29"]
[EventDate "1995.??.??"]
[Source "www.chesslib.no"]
[SourceDate "2004.05.04"]

1. d4 Nf6 2. Nc3 d5 3. Bg5 Nbd7 4. Nf3 h6 5. Bh4 g6 6. e3 Bg7 7. Be2 O-O 8. Ne5 c5 9. f4 Qb6 10. O-O Qxb2 11. Nb5 a6 12. Rb1 Qxa2 13. Ra1 Qb2 14. Rb1 Qa2 15. Ra1 1/2-1/2

[Event "Limasol"]
[Site "?"]
[Date "1997.10.??"]
[Round "?"]
[White "Miladinovic Igor"]
[Black "Georgiev Krum"]
[Result "1/2-1/2"]
[WhiteElo "2500"]
[BlackElo "2530"]
[PlyCount "37"]
[EventDate "1997.??.??"]
[Source "www.chesslib.no"]
[SourceDate "2004.05.04"]

1. d4 Nf6 2. Nc3 d5 3. Bg5 Nbd7 4. g3 c6 5. Bg2 Qb6 6. Rb1 h6 7. Bxf6 Nxf6 8. Nf3 Bf5 9. O-O e6 10. b4 Bxb4 11. a3 Bxc3 12. Rxb6 axb6 13. Qb1 b5 14. Qb3 Ne4 15. Nh4 Bxd4 16. Nxf5 exf5 17. Bxe4 fxe4 18. Rd1 Bc5 19. Rxd5 1/2-1/2

[Event "TCh-BIH"]
[Site "Jahorina"]
[Date "2003.06.22"]
[Round "2"]
[White "Mestrovic, Zvonimir"]
[Black "Palac, Mladen"]
[Result "1/2-1/2"]
[WhiteElo "2436"]
[BlackElo "2587"]
[PlyCount "54"]
[EventDate "2003.06.21"]
[Source "Roberto Alvarez"]
[SourceDate "2003.07.07"]

1. d4 Nf6 2. Nc3 d5 3. Bg5 Nbd7 4. Nf3 h6 5. Bh4 e6 6. e3 Be7 7. Bd3 c5 8. O-O O-O 9. Re1 a6 10. Qc1 b5 11. a3 Bb7 12. Bf1 Rc8 13. Ne2 Ne4 14. Bxe7 Qxe7 15. Ng3 Rc7 16. c3 Rfc8 17. Nd2 Nxd2 18. Qxd2 Nb6 19. Bd3 e5 20. e4 cxd4 21. cxd4 dxe4 22. Bxe4 Bxe4 23. Rxe4 Qd7 24. Rd1 Rd8 25. b3 exd4 26. Rxd4 Qxd4 27. Qxd4 Rxd4 1/2-1/2

[Event "Premier"]
[Site "Hastings ENG"]
[Date "2007.12.29"]
[Round "2"]
[White "Sengupta, D."]
[Black "Mamedov, Nid"]
[Result "1-0"]
[WhiteElo "2447"]
[BlackElo "2575"]
[PlyCount "75"]
[EventDate "2007.12.28"]
[Source "www.chesslib.no"]
[SourceDate "2004.05.04"]

1. d4 Nf6 2. Nc3 d5 3. Bg5 Nbd7 4. Qd3 h6 5. Bh4 c6 6. Nf3 Qa5 7. a3 e6 8. Nd2 b5 9. Nb3 Qb6 10. Bxf6 Nxf6 11. e4 a6 12. Be2 Be7 13. O-O O-O 14. Qe3 Qc7 15. Bd3 Bb7 16. Rae1 Rad8 17. e5 Nd7 18. Nb1 c5 19. dxc5 Nxc5 20. Nxc5 Bxc5 21. Qg3 b4 22. axb4 Bxb4 23. c3 Be7 24. Nd2 a5 25. Nf3 Qb6 26. Nd4 Ba6 27. Bxa6 Qxa6 28. f4 Bc5 29. f5 exf5 30. Rxf5 Rb8 31. Rf4 h5 32. Qf3 Rxb2 33. Qxd5 Qg6 34. e6 a4 35. exf7+ Kh7 36. Ref1 a3 37. Rh4 Kh6 38. g4 1-0

[Event "Moscow-A"]
[Site "Moscow RUS"]
[Date "1987.??.??"]
[Round "?"]
[White "Hodgson, Julian M"]
[Black "Geller, Efim P"]
[Result "1/2-1/2"]
[WhiteElo "2520"]
[BlackElo "2500"]
[PlyCount "127"]
[EventDate "1987.06.??"]
[Source "www.chesslib.no"]
[SourceDate "2004.05.04"]

1. d4 Nf6 2. Nc3 d5 3. Bg5 Nbd7 4. Nf3 c6 5. e3 g6 6. Bd3 Bg7 7. O-O O-O 8. Re1 h6 9. Bh4 Re8 10. h3 Qb6 11. Rb1 e5 12. Nxe5 Nxe5 13. dxe5 Rxe5 14. Qf3 Nh7 15. e4 d4 16. Bc4 Be6 17. Bxe6 Rxe6 18. Ne2 Ng5 19. Bxg5 hxg5 20. c3 Rae8 21. Nxd4 Bxd4 22. cxd4 Qxd4 23. Rbd1 Qxb2 24. Rb1 Qd2 25. Red1 Qxa2 26. Rxb7 Rxe4 27. g3 Re1+ 28. Rxe1 Rxe1+ 29. Kh2 Rf1 30. Kg2 Rc1 31. Rd7 Qc4 32. Kh2 Kg7 33. Rxa7 Qd5 34. Qxd5 cxd5 35. Kg2 Kf6 36. Kf3 Ke6 37. Ra6+ Ke5 38. Ra7 Ke6 39. Ra6+ Ke5 40. Ra7 Rc3+ 41. Ke2 f5 42. Ra6 f4 43. Rxg6 Kf5 44. Rd6 Ke4 45. Re6+ Kd4 46. gxf4 gxf4 47. h4 Rh3 48. Rh6 f3+ 49. Kd2 Rh2 50. Rf6 Rxf2+ 51. Ke1 Re2+ 52. Kf1 Ke3 53. Re6+ Kd2 54. Rd6 Re5 55. Kf2 Rf5 56. Rd8 Kd3 57. Rh8 d4 58. h5 Kd2 59. Rd8 d3 60. h6 Rh5 61. Rh8 Rf5 62. Rg8 Rh5 63. Rh8 Kc1 64. h7 1/2-1/2

[Event "Smederevska Palanka"]
[Site "Smederevska Palanka"]
[Date "1982.??.??"]
[Round "8"]
[White "Kurajica, Bojan"]
[Black "Stean, Michael"]
[Result "1/2-1/2"]
[WhiteElo "2510"]
[BlackElo "2505"]
[PlyCount "22"]
[EventDate "1982.06.??"]
[Source "ChessBase"]

1. d4 Nf6 2. Nc3 d5 3. Bg5 Nbd7 4. Nf3 g6 5. e3 Bg7 6. Bd3 O-O 7. O-O c5 8. Re1 b6 9. e4 dxe4 10. Nxe4 cxd4 11. Nxd4 Bb7 1/2-1/2

[Event "CRO-Cup"]
[Site "Pula CRO"]
[Date "1996.??.??"]
[Round "?"]
[White "Mestrovic, Zvonimir"]
[Black "Hulak, Krunoslav"]
[Result "1-0"]
[WhiteElo "2470"]
[BlackElo "2545"]
[PlyCount "73"]
[EventDate "1996.??.??"]
[Source "www.chesslib.no"]
[SourceDate "2004.05.04"]

1. d4 Nf6 2. Nc3 d5 3. Bg5 c6 4. Nf3 Bf5 5. e3 e6 6. Bd3 Be7 7. O-O Nbd7 8. Bxf6 Bxf6 9. e4 Bg6 10. Re1 O-O 11. e5 Be7 12. Bxg6 hxg6 13. Qd2 Rc8 14. Qf4 c5 15. Ne2 Qb6 16. Qg4 Rc7 17. c4 dxc4 18. d5 exd5 19. Nf4 Qc6 20. e6 Nf6 21. exf7+ Rxf7 22. Qxg6 Ne4 23. Qxf7+ Kxf7 24. Ne5+ Kg8 25. Nxc6 bxc6 26. f3 Ng5 27. h4 Nf7 28. g4 Bxh4 29. Re8+ Kh7 30. Ne6 Re7 31. Nf8+ Kh6 32. Rxe7 Bxe7 33. Nd7 Bd6 34. Re1 d4 35. Kf2 Ng5 36. Ne5 d3 37. Rh1+ 1-0

[Event "JUG-chT"]
[Site "Herceg Novi"]
[Date "2001.05.??"]
[Round "8"]
[White "Markovic, Miroslav"]
[Black "Drazic, Sinisa"]
[Result "1-0"]
[WhiteElo "2539"]
[BlackElo "2475"]
[PlyCount "83"]
[EventDate "2001.05.??"]
[Source "ChessBase"]
[SourceDate "2001.07.03"]

1. d4 Nf6 2. Nc3 d5 3. Bg5 c6 4. Nf3 Bf5 5. Bxf6 exf6 6. e3 Nd7 7. Bd3 Bg4 8. O-O f5 9. h3 Bxf3 10. Qxf3 g6 11. Ne2 h5 12. c4 Nf6 13. Rad1 a6 14. cxd5 Qxd5 15. e4 Nxe4 16. Nf4 Qd6 17. Bxe4 fxe4 18. Qxe4+ Be7 19. d5 c5 20. Ne6 Rc8 21. Rfe1 f5 22. Qf3 Kf7 23. Nf4 Bg5 24. g3 Bxf4 25. Re6 Rhe8 26. Rxd6 Bxd6 27. Qb3 Rc7 28. Qb6 Rd7 29. Rc1 Re4 30. a3 h4 31. gxh4 Rxh4 32. Rxc5 Rxh3 33. Rc8 Ke7 34. Rg8 Kf6 35. Re8 Kf7 36. Rd8 Rxd8 37. Qxd8 Be7 38. Qd7 Rd3 39. Qxb7 g5 40. Qd7 Rd1+ 41. Kg2 f4 42. Kf3 1-0

[Event "Ch Bosnia & Herzegovina (team)"]
[Site "Vogosca (Bosnia & Herzegovina"]
[Date "2007.06.04"]
[Round "3"]
[White "Bogut Zeljko (BIH)"]
[Black "Popovic Dusan (SCG)"]
[Result "0-1"]
[WhiteElo "2454"]
[BlackElo "2557"]
[PlyCount "78"]
[EventDate "2007.??.??"]
[Source "www.chesslib.no"]
[SourceDate "2004.05.04"]

1. d4 Nf6 2. Nc3 d5 3. Bg5 Nbd7 4. Qd3 h6 5. Bh4 c6 6. e4 Qa5 7. Qd2 dxe4 8. Nxe4 Qxd2+ 9. Nxd2 Nb6 10. Nc4 Bf5 11. Ne3 Be4 12. f3 Bh7 13. O-O-O Nfd5 14. Bf2 e6 15. a3 Be7 16. Nc4 O-O 17. Na5 Bg5+ 18. Kb1 Na4 19. Ne2 b6 20. Nc4 b5 21. Ne5 b4 22. f4 b3 23. Nd3 bxc2+ 24. Kxc2 Be7 25. b3 c5 26. f5 Bxf5 27. Ng3 Bh7 28. bxa4 c4 29. Kd2 Bg5+ 30. Ke1 cxd3 31. Bxd3 Bxd3 32. Rxd3 Rab8 33. Ne4 Rb1+ 34. Rd1 Rfb8 35. Rg1 Be3 36. Rf1 f5 37. Nd2 Bxd2+ 38. Kxd2 R8b2+ 39. Ke1 Nc3 0-1